| 000 | 00484nam a22001937a 4500 | ||
|---|---|---|---|
| 003 | NUST - PNEC | ||
| 005 | 20170116180750.0 | ||
| 008 | 150307b xxu||||| |||| 00| 0 eng d | ||
| 020 | _a8187570059 | ||
| 040 | _cLIBRARY | ||
| 082 | _a297.211 YAH | ||
| 100 |
_91627 _aYahya Harun |
||
| 245 |
_aAllah Is KnownThrough Reason _cHarun Yahya |
||
| 250 | _a- | ||
| 260 |
_aNew Delhi _bGoodword Books _cc2000. |
||
| 300 | _a208 p. : | ||
| 650 |
_91628 _aIslam _xGeneral |
||
| 942 |
_2ddc _cBK |
||
| 999 |
_c62504 _d62504 |
||